Prenoms de héros de séries télévisées françaises *1* - Statistiques

Statistiques générales
  • Ce quiz a été pris 80 fois
  • Le résultat moyen est 3 sur 15
Statistiques - réponses
Hint Explanation Réponse % Correct
Dantès Le comte de Monte Cristo Edmond
59%
Moulin Commissaire Moulin Jean-Paul
44%
Maigret Série du même nom Jules
42%
Igualada Le comte de Monte Cristo Mercédès
30%
Mondego Le comte de Monte Cristo Fernand
17%
Pluvinage Boulevard du Palais Hannibal
17%
Laborie Le château des oliviers Estelle
13%
Coplan Série du même nom Francis
13%
Rovère Boulevard du Palais Philippe
13%
Séverin Le château des oliviers Pierre
13%
Venturi Les Boeufs carottes Antoine
11%
Kaan Les Boeufs carottes David
10%
de Villefort Le comte de Monte Cristo Gérard
10%
Lintz Boulevard du Palais Nadia
7%
Rivais Chère Marianne Marianne
6%
Aucun quiz correspondant
Distribution des résultats
% des personnes avec chaque résultat
Percentile par nombre de réponses
Votre historique - résultats
Vous n’avez pas pris ce quiz